| 000 | 00623nam a22001937a 4500 | ||
|---|---|---|---|
| 999 |
_c2715 _d2715 |
||
| 003 | AR-CdUCM | ||
| 008 | 190305b ||||| |||| 00| 0 spa d | ||
| 020 | _a9688160571 | ||
| 040 |
_aMUNICIPALIDAD PROVINCIAL DEL CUSCO _cBIBLIOTECA MUNICIPAL DEL CUSCO |
||
| 082 |
_a363.29 / _bI65 |
||
| 100 |
_aIñigo, Alejandro _99508 |
||
| 245 | _aBitacora de un policia 1500-1982 / | ||
| 260 |
_aMexico : _bDistrito federal, _c1985. |
||
| 300 |
_a180 páginas ; _c25 cm. |
||
| 505 | _aMexico colonial -- Mexico independiente -- Mexico moderno. | ||
| 650 |
_aHistoria de México _919 |
||
| 942 |
_2ddc _cLIBROS |
||
| 945 |
_awfj _d2019-03-04 |
||